The Computer and the Brain

Αποθηκεύτηκε σε:
Λεπτομέρειες βιβλιογραφικής εγγραφής
Κύριος συγγραφέας: Von Neumann, John 1903-1957
Μορφή: Βιβλίο
Γλώσσα:English
Δημοσίευση: New Haven and London : Yale University Press, c1958
Σειρά:Silliman milestones in science
Θέματα:
Ετικέτες: Προσθήκη ετικέτας
Δεν υπάρχουν, Καταχωρήστε ετικέτα πρώτοι!

MARC

LEADER 00000nam a2200000 i 4500
001 1/29164
008 941103s1958 eng d
020 |a 0-300-02415-0 
035 |a 1991  |c ΜΥΡΙΤΖΗΣ  |l 10038253 
040 |a GR-MY-UA  |b gre  |e aacr 
041 0 |a eng 
082 0 |a 004 
100 1 |a Von Neumann, John  |d 1903-1957. 
245 1 4 |a The Computer and the Brain /  |c by John Von Neumann 
260 |a New Haven and London :   |b Yale University Press,   |c c1958 
300 |a 82 p.;  |c 21 cm. 
490 1 |a Silliman milestones in science 
650 0 0 |a Computer architecture. 
650 0 0 |a Computer organization. 
830 0 |a Silliman milestones in science 
852 |a INST  |b SAMOS  |e 19941103  |h 004 NEU  |p 005300003034  |q 005300003034  |t BK  |y 0 
909 |a Σ  |b 021208